000 00531nam a22001577a 4500
008 171208b xxu||||| |||| 00| 0 eng d
020 _a0871922770
082 _21995
_aDC 730
_bW67s
100 _924667
_aWilliams, Arthur,author.
245 _aSculpture :
_btechnique, form, content /
_cArthur Williams.
260 _aWorcester, Mass. :
_bDavis Publications,
_c©1995.
300 _aviii, 360 pages :
_b illustrations ;
_c27 cm.
500 _aIncludes bibliographical references .
650 0 _924668
_aSculpture.
942 _2ddc
_cDC
999 _c8005
_d8005